Welcome to CU Library Online Public Access Catalogue (OPAC)

dictionary of major biblical interpreters (Record no. 2595)

MARC details
000 -LEADER
fixed length control field 00523cam a22001453 4500
001 - CONTROL NUMBER
control field FRBNF413095920000004
003 - CONTROL NUMBER IDENTIFIER
control field http://catalogue.bnf.fr/ark:/12148/cb413095925
005 - DATE AND TIME OF LATEST TRANSACTION
control field 20250116171913.0
008 - FIXED-LENGTH DATA ELEMENTS--GENERAL INFORMATION
fixed length control field 250116b |||||||| |||| 00| 0 eng d
100 ## - MAIN ENTRY--PERSONAL NAME
Personal name 20080731d2007 k y0frey50 ba
245 ## - TITLE STATEMENT
Title dictionary of major biblical interpreters
300 ## - PHYSICAL DESCRIPTION
Extent Edition révisée de : " Historical handbook of major biblical interpreters", 1998
300 ## - PHYSICAL DESCRIPTION
Extent Bibliogr. en fin d'articles. Index nominum
942 ## - ADDED ENTRY ELEMENTS (KOHA)
Source of classification or shelving scheme Library of Congress Classification
Koha item type Books
Suppress in OPAC No
999 ## -
-- 2595
-- 2595
Holdings
Withdrawn status Lost status Source of classification or shelving scheme Damaged status Not for loan Collection Home library Current library Shelving location Date acquired Total checkouts Full call number Barcode Date last seen Copy number Price effective from Koha item type
    Library of Congress Classification     Non-fiction Graduate Library (Christ Temple) Graduate Library (Christ Temple) Reference 01/16/2025   REF BS 501 A 1H 57 HIS gsct00000262 01/16/2025 1 01/16/2025 Books
© 2023-2024 Copyright: Central University Libraries. All Rights Reserved | Created by: Mahone Tech Office